| 000 | 01104nam a2200253 a 4500 | ||
|---|---|---|---|
| 999 |
_c447653 _d447653 |
||
| 003 | BLK | ||
| 005 | 20230628121756.0 | ||
| 008 | 220302b bul|||||r ||||||| ||bul|| | ||
| 040 | _aBLK | ||
| 041 |
_aBUL _cBUL |
||
| 080 |
_aСимфоничен оркестър _b785.11 _x(497.215)(062) _z785.11(497.215)(062) |
||
| 111 |
_9470962 _aМеждународен фестивал Мартенски музикални дни _cРусе _dХХV, 1985 |
||
| 139 |
_aМеждународен фестивал Мартенски музикални дни _bМ 45 |
||
| 245 | 1 | 0 |
_aМладежки симфоничен оркестър - Русе _bДиригент - Стефан Вачев _h[Малотир. изд.] |
| 260 |
_aРусе _bб. и. _c1985 |
||
| 300 |
_a25 с. _bс ил. _c16х22 см |
||
| 380 | _a7 | ||
| 500 | _a25 март, зала - Дом на културата, 19.30 ч. | ||
| 653 | 7 |
_9191244 _aМладежки симфоничен оркестър |
|
| 653 | 7 |
_9189133 _aконцерти |
|
| 852 |
_bК _cК 78/М 45 |
||
| 942 |
_cKNG _n0 _s1 _01 |
||
| 944 |
_aCR _c2022-03-08 _kВЙ |
||